000 00679nam a22002177a 4500
999 _c17735
_d17735
003 AR-CdUCM
008 190509b ||||| |||| 00| 0 spa d
040 _aMUNICIPALIDAD PROVINCIAL DEL CUSCO
_cBIBLIOTECA MUNICIPAL DEL CUSCO
082 _a194 /
_bM19
100 _aMalebranche
_937889
245 _aSobre el alma /
260 _aBuenos Aires :
_bTor,
300 _a160 páginas ;
_c19 cm.
505 _aContenido : El alma y las ideas -- La existencia de dios -- Sentimientos e ideas ...
650 _aFilosofía
_9395
650 _aVida
_9884
650 _aAlma
_96475
700 _aIzquierdo, J. (Traducción)
_937890
942 _2ddc
_cLIBROS
945 _arah
_d09/05/2019